Montpellier HSC - Tous les joueurs (2010-2020) - Statistiques

Statistiques générales
  • Ce quiz a été pris 22 fois
  • Le résultat moyen est 24 sur 104
Statistiques - réponses
Saisons Nationalité Joueur Nb de matchs % Correct
2011-2020 Brésil Vitorino Hilton 291
95%
2010-2012 France Olivier Giroud 73
89%
2010-2013 Maroc Younès Belhanda 94
84%
2010-2017 France Geoffrey Jourdren 187
79%
2017-2019 France Benjamin Lecomte 75
74%
2011-2014 France Rémy Cabella 97
74%
2019-2020 France Téji Savanier 19
74%
2018-2020 Algérie Andy Delort 61
68%
2019-2020 France Jordan Ferri 16
68%
2010-2020 Sénégal Souleymane Camara 282
68%
2012-2020 France Daniel Congré 251
63%
2018-2020 France Gaëtan Laborde 64
63%
2019-2020 Argentine Geronimo Rulli 25
58%
2015-2017 Algérie Ryad Boudebouz 71
47%
2010-2015 France Benjamin Stambouli 112
42%
2011-2013 Cameroun Henri Bedimo 68
42%
2010-2013 France Mapou Yanga-Mbiwa 86
42%
2015-2017 Bénin Steve Mounié 37
42%
2018-2020 France Florian Mollet 57
37%
2010-2017 Tunisie Jamel Saihi 102
37%
2010-2013 Nigeria John Utaka 74
37%
2010-2017 France Laurent Pionnier 68
37%
2010-2013 Chili Marco Estrada 83
37%
2017-2020 Portugal Pedro Mendes 81
37%
2015-2018 Tchad Casimir Ninga 64
32%
2018-2020 France Dimitry Bertaud 4
32%
2014-2019 Tunisie Ellyes Skhiri 123
32%
2019-2020 France Joris Chotard 20
32%
2010-2017 France Joris Marveaux 144
32%
2018-2020 Serbie Mihailo Ristic 28
32%
2018-2020 Serbie Petar Skuletic 33
32%
2017-2019 France Ruben Aguilar 60
32%
2012-2013 France Gaëtan Charbonnier 26
26%
2015-2018 France Jérôme Roussillon 87
26%
2016-2017 France Killian Sanson 1
26%
2013-2014 Sénégal M'Baye Niang 19
26%
2013-2017 France Morgan Sanson 98
26%
2014-2019 France Paul Lasne 136
26%
2013-2014 Colombie Victor Hugo Montano 36
26%
2010-2015 Maroc Abdelhamid El Kaoutari 120
21%
2017-2020 Cameroun Ambroise Oyongo 50
21%
2012-2016 France Anthony Mounier 97
21%
2010-2014 France Garry Bocaly 73
21%
2017-2019 Côte d'Ivoire Giovanni Sio 34
21%
2012-2013, 2014-2016 France Jonathan Ligali 13
21%
2017-2020 France Junior Sambia 75
21%
2010-2014 Maroc Karim Aït-Fana 42
21%
2016-2020 Afrique du Sud Keagan Dolly 38
21%
2014-2015 Paraguay Lucas Barrios 27
21%
2018-2020 Uruguay Mathias Suarez 11
21%
2016-2018 Bénin Stéphane Sessègnon 43
21%
2012-2016 Burkina Faso Bryan Dabo 75
16%
2010-2013 France Cyril Jeunechamp 51
16%
2017-2019 Uruguay Facundo Piriz 21
16%
2010-2011, 2012-2016 France Jonas Martin 107
16%
2016-2018 France Jonathan Ikoné 32
16%
2014-2018 France Kévin Bérigaud 70
16%
2010-2011 Serbie Nenad Dzodic 3
16%
2017-2020 France Nicolas Cozza 28
16%
2016-2018 France Nordi Mukiele 50
16%
2010-2013 France Romain Pitau 56
16%
2013-2015 Côte d'Ivoire Siaka Tiéné 44
16%
2016-2017 Mali Yacouba Sylla 19
16%
2016-2017 Belgique Anthony Vanden Borre 10
11%
2019-2020 France Arnaud Souquet 24
11%
2018-2020 France Damien Le Tallec 64
11%
2012-2014 Argentine Emanuel Herrera 41
11%
2010-2011 Bosnie-Herzégovine Emir Spahic 23
11%
2010-2012 France Geoffrey Dernis 45
11%
2016-2018 Belgique Isaac Mbenza 54
11%
2016-2017 Tchéquie Lukas Pokorny 13
11%
2014-2017 Sénégal Mamadou N'Diaye 12
11%
2012-2017 France Mathieu Deplagne 100
11%
2016-2017 France Nicolas Saint-Ruf 7
11%
2019-2020 Corée du Sud Yun Il-lok 5
11%
2014-2015 Suisse Dylan Gissi 1
5%
2015-2016 France Florian Sotoca 1
5%
2010-2011 France Grégory Lacombe 3
5%
2011-2014 France Jonathan Tinhan 8
5%
2015-2016 Algérie Ramy Bensebaini 22
5%
2015-2017 France William Rémy 43
5%
2018-2019 France Yanis Ammour 1
5%
2013-2014 Maroc Yassine Jebbour 14
5%
2016-2017 France Alexandre Llovet 2
0%
2014-2016 France Anthony Ribelin 8
0%
2019-2020 France Bastian Badu 1
0%
2010-2012 Guinée Bengali-Fodé Koïta 9
0%
2018-2020 France Bilal Boutobba 3
0%
2016-2017 France Bryan Passi 3
0%
2016-2017 RD Congo Cédric Mongongu 4
0%
2019-2020 France Clément Vidal 1
0%
2013-2016 Comores Djamel Bakar 36
0%
2010-2012 Turquie Hasan Kabze 23
0%
2013-2016 Pérou Jean Deza 21
0%
2017-2018 France Jérémie Porsan-Clémenté 1
0%
2019-2020 France Matis Carvalho 1
0%
2016-2019 France Morgan Poaty 7
0%
2015-2016 Mali Mustapha Yatabaré 28
0%
2015-2016 France Quentin Cornette 5
0%
2010-2011 France Romain Armand 1
0%
2014-2016 Suisse Sébastien Wüthrich 2
0%
2012-2014 France Teddy Mézague 14
0%
2019-2020 France Thibaut Vargas 3
0%
2010-2011 France Xavier Collin 3
0%
Aucun quiz correspondant
Distribution des résultats
% des personnes avec chaque résultat
Percentile par nombre de réponses
Votre historique - résultats
Vous n’avez pas pris ce quiz